Prehľadná charakteristika krajiny

Recenzia na publikáciu Fakty, rozbory, štúdie. Vybrané sociálno - ekonomické charakteristiky Slovenskej republiky (autori - J. Búšik, S. Královičová a A. Maruščáková). Dokument v prílohe dopĺňa osemnásť tabuliek a osem grafov. Rozdelenie publikácie na päť kapitol. Charakteristika jednotlivých kapito...

Descrizione completa

Salvato in:
Dettagli Bibliografici
Autore principale: Mišovičová, Mária
Natura: Capitolo di libro
Lingua:slovacco
Soggetti:
Tags: Aggiungi Tag
Nessun Tag, puoi essere il primo ad aggiungerne!!

MARC

LEADER 00000naa a2200000 4500
001 r046964
005 20230927092053.7
041 0 |a slo 
044 |a SK 
245 1 0 |a Prehľadná charakteristika krajiny  |c Mária Mišovičová 
520 |a Recenzia na publikáciu Fakty, rozbory, štúdie. Vybrané sociálno - ekonomické charakteristiky Slovenskej republiky (autori - J. Búšik, S. Královičová a A. Maruščáková). Dokument v prílohe dopĺňa osemnásť tabuliek a osem grafov. Rozdelenie publikácie na päť kapitol. Charakteristika jednotlivých kapitol. 
610 2 0 |a recenzie 
610 2 0 |a politika hospodárska 
610 2 0 |a politika sociálna 
610 2 0 |a rozbory 
610 2 0 |a štúdie 
610 2 0 |a tabuľky štatistické 
610 2 0 |a grafy 
610 2 0 |a Slovensko 
100 1 |a Mišovičová, Mária